Central Library OPAC University of Rajshahi

Psychology and religion : (Record no. 31604)

MARC details
000 -LEADER
fixed length control field 00807nam a22002537a 4500
001 - CONTROL NUMBER
control field 31604
003 - CONTROL NUMBER IDENTIFIER
rucl marc code BD-RjUL
005 - DATE AND TIME OF LATEST TRANSACTION
control field 20211209051726.0
008 - FIXED-LENGTH DATA ELEMENTS--GENERAL INFORMATION
fixed length control field 140421s1968 enk |||| |||| 001 0 eng d
035 ## - SYSTEM CONTROL NUMBER
System control number (BD-RjUL) 31692
040 ## - CATALOGING SOURCE
Original cataloging agency BD-RjUL
Language of cataloging eng
Transcribing agency BD-RjUL
041 ## - LANGUAGE CODE
Language code of text/sound track or separate title eng
082 00 - DEWEY DECIMAL CLASSIFICATION NUMBER
Classification number 200.19
Author mark and year HAP 1968
100 1# - MAIN ENTRY--PERSONAL NAME
Personal name Havens, Joseph
9 (RLIN) 96186
245 1# - TITLE STATEMENT
Title Psychology and religion :
Remainder of title a contemporary dialogue /
Statement of responsibility, etc. Joseph Havens, with the collaboration of David Bakan [and others]
260 ## - PUBLICATION, DISTRIBUTION, ETC. (IMPRINT)
Place of publication, distribution, etc. Princeton, N.J. :
Name of publisher, distributor, etc. D Van Nostrand ,
Date of publication, distribution, etc. c1968.
300 ## - PHYSICAL DESCRIPTION
Pagination 151 p. ;
Size 19cm.
490 #0 - SERIES STATEMENT
Series statement An Insight book,
Volume/sequential designation 42
504 ## - BIBLIOGRAPHY, ETC. NOTE
Bibliography, etc Includes Bibliography: p. 140-147. Index
650 #0 - SUBJECT ADDED ENTRY--TOPICAL TERM
Topical term or geographic name as entry element Psychology, Religious.
9 (RLIN) 96187
700 1# - ADDED ENTRY--PERSONAL NAME
Personal name Bakan David.
830 ## - SERIES ADDED ENTRY--UNIFORM TITLE
Uniform title An Insight book,
942 ## - ADDED ENTRY ELEMENTS (KOHA)
Source of classification or shelving scheme Dewey Decimal Classification
Koha item type Books
Holdings
Lost status Source of classification or shelving scheme Damaged status Not for loan Collection code Permanent Location Current Location Shelving location Date acquired Source of acquisition Cost, normal purchase price Total Checkouts Full call number Date last seen Copy number Koha item type
  Dewey Decimal Classification   Not For Loan Non-fiction Central Library, University of Rajshahi Central Library, University of Rajshahi Reading Room 05/08/1971 Zeitlinger 19.00   200.19 HAP 1968 21/04/2014 C-1 Books